| 000 | 00896 a2200265 4500 | ||
|---|---|---|---|
| 003 | Nust | ||
| 005 | 20170207154018.0 | ||
| 010 | _a 2005279911 | ||
| 020 | _a0596007213 (pbk.) | ||
| 035 | _a(OCoLC)ocm56695983 | ||
| 040 | _cNust | ||
| 082 | 0 | 0 | _a005.2762 |
| 100 | 1 | _aHarold, Elliotte Rusty. | |
| 245 | 1 | 0 |
_aJava network programming /(E-BOOK) _cElliotte Rusty Harold. |
| 250 | _a3rd ed. | ||
| 260 |
_aBeijing ; _aSebastopol, Calif., : _bO'Reilly, _cc2005. |
||
| 300 |
_axxii, 735 p. : _bill. ; _c24 cm. |
||
| 500 | _aIncludes index. | ||
| 500 | _aPrevious ed.: 2000. | ||
| 650 | 0 | _aInternet programming | |
| 650 | 0 | _aJava (Computer program language) | |
| 651 | _aJava network programming /(E-BOOK) | ||
| 856 | 4 | 1 |
_3Publisher description _uhttp://www.loc.gov/catdir/enhancements/fy0715/2005279911-d.html |
| 856 | 4 | 1 |
_3Table of contents only _uhttp://www.loc.gov/catdir/toc/fy0708/2005279911.html |
| 942 |
_2ddc _cBK |
||
| 999 |
_c191520 _d191520 |
||